000 00538nam a2200193 a 4500
005 20140310183457.0
008 091127s19uu xx 00 eng d
020 _a9783791339467
050 _aTT 507
_b.M833 2008
100 _aMorche, Pascal
245 _aA year in fashion :
_bwith texts /
_cPascal Morche
260 _aMunich :
_bPrestel,
_c2008.
300 _a1 v. (various pagings ) :
_bill. col. ;
_c20 cm.
500 _aInclude index
521 _aBSBA
650 _aFashion design.
942 _cBK
_2lcc
_kFOR
999 _c23680
_d23680